Movies Quiz

Random Movies or Animal Quiz

Animal Movies Quiz Stats

 Plays Quiz Updated Jun 26, 2018

Score 0/25 Timer 06:00
3 Plays Today
Movie % Correct
Bee Movie (2007)
80.8%
Groundhog Day (1993)
74.2%
The Chronicles of Narnia: The Lion, the Witch and the Wardrobe (2005)
74%
Snakes on a Plane (2006)
66.9%
Coyote Ugly (2000)
65.6%
Crouching Tiger, Hidden Dragon (2003)
63.6%
Wild Hogs (2007)
61.8%
The Mighty Ducks (1992)
59.5%
Dances with Wolves (1990)
56.3%
Anaconda (1997)
56%
Teen Wolf (1985)
55.7%
The Scorpion King (2002)
54%
Raging Bull (1980)
53.8%
Movie % Correct
Reservoir Dogs (1992)
51.6%
The Elephant Man (1980)
45.7%
One Flew Over the Cuckoo's Nest (1975)
43.6%
The Deer Hunter (1978)
39.2%
Big Fish (2003)
38.9%
The Crow (1994)
33.3%
Twelve Monkeys (1995)
32.6%
Dog Day Afternoon (1975)
25.9%
The Pelican Brief (1993)
21.1%
All the Pretty Horses (2000)
5.7%
Buffalo '66 (1998)
4.4%
Sinbad and the Eye of the Tiger (1977)
2%

You're not logged in!

Compare scores with friends on all Sporcle quizzes.
OR
Log In

Sporcle TV

Today on Sporcle TV


Watch our educational content, quiz creation guides, and fun videos on Sporcle TV.

Show Comments

Extras

Top Quizzes Today


Score Distribution

Your Account Isn't Verified!

In order to create a playlist on Sporcle, you need to verify the email address you used during registration. Go to your Sporcle Settings to finish the process.

Report this User

Report this user for behavior that violates our Community Guidelines.

Details: